Bogotá del tercer milenio : (Registro nro. 3899)

Detalles MARC
000 -LEADER
fixed length control field 00651nam a2200193Ia 4500
003 - CONTROL NUMBER IDENTIFIER
control field OSt
005 - DATE AND TIME OF LATEST TRANSACTION
control field 20200514140549.0
008 - FIXED-LENGTH DATA ELEMENTS--GENERAL INFORMATION
fixed length control field 191128s2000 ck ao gr 000 0 spa d
040 ## - CATALOGING SOURCE
Original cataloging agency CO-JMCR
Transcribing agency CO-JMCR
041 0# - LANGUAGE CODE
Language code of text/sound track or separate title spa
082 04 - DEWEY DECIMAL CLASSIFICATION NUMBER
Classification number 307.764 /
Item number B675b
Edition number 23
110 1# - MAIN ENTRY--CORPORATE NAME
Corporate name or jurisdiction name as entry element Bogotá. Alcaldía Mayor
9 (RLIN) 4368
245 10 - TITLE STATEMENT
Title Bogotá del tercer milenio :
Remainder of title historia de una revolución urbana/
Statement of responsibility, etc. Alcaldía Mayor de Bogotá
260 ## - PUBLICATION, DISTRIBUTION, ETC.
Place of publication, distribution, etc. Bogotá :
Name of publisher, distributor, etc. Alcaldía Mayor,
Date of publication, distribution, etc. 2000
300 ## - PHYSICAL DESCRIPTION
Extent 98 páginas :
Other physical details ilustraciones, fotografías a color ;
Dimensions 22 cm.
505 ## - FORMATTED CONTENTS NOTE
Formatted contents note V.1 Bogotá a escala humana
650 14 - SUBJECT ADDED ENTRY--TOPICAL TERM
Topical term or geographic name entry element Condiciones sociales
Geographic subdivision Bogotá
9 (RLIN) 4369
942 ## - ADDED ENTRY ELEMENTS (KOHA)
Source of classification or shelving scheme Dewey Decimal Classification
Koha item type Books
Existencias
Withdrawn status Lost status Source of classification or shelving scheme Materials specified (bound volume or other part) Damaged status Not for loan Home library Current library Shelving location Date acquired Source of acquisition Cost, normal purchase price Total Checkouts Full call number Barcode Date last seen Copy number Price effective from Koha item type
    Dewey Decimal Classification Donación--12/12/2017--     Biblioteca Pública José María del Castillo y Rada Biblioteca Pública José María del Castillo y Rada General Stacks 11/28/2019 Donación 0.00   307.764 / B675b 201808535 05/16/2024 V.1 / Ej.1 11/28/2019 Books